000 01064nam a2200253 a 4500
001 000360318
003 AM-YeHGA
005 20250618072234.0
008 040910s2004 ai 000 | arm d
040 _aAM-YeHGA
041 0 _aarm
100 1 _aՍիմոնյան, Կարեն Արամի,
_d1936-2018
_98967
245 1 0 _aԿաւ եւ կեանք կամ Peccatum originale :
_bԹատերգութիւն 7 դրուագով /
_cԿ. Սիմոնյան; Ուղևորը /Հ. Մարգարյան; Խմբ.՝ Ժ. Դանիէլեան, Ա. Եղիայեան.
260 _aՊէյրութ :
_bՍիփան,
_c2004.
300 _a103 էջ ;
_c24 սմ.
440 0 _aՎահրիճ և Վերժին Ճէրէճեան թատերգութ. մրցանք-ի մատենաշար
_vթիւ 1
650 1 4 _aՀայ գրականություն
_xԹատերգություն
700 1 _aՄարգարյան, Հ.
700 1 _aԴանիէլեան, Ժ.
_eխմբ.
_4edt
700 1 _aԵղիայեան, Արմենակ
_eխմբ.
_4edt
740 0 2 _aՈւղևորը
942 _2udc
_cBK
090 _c139237
999 _c137863
_d137863